书目信息 |
| 题名: |
空间探测
|
|
| 作者: | 焦维新 编著 | |
| 分册: | ||
| 出版信息: | 北京 北京大学出版社 2002.08 |
|
| 页数: | 421页 | |
| 开本: | 20cm | |
| 丛书名: | ||
| 单 册: | ||
| 中图分类: | P412.2 | |
| 科图分类: | ||
| 主题词: | 空间探测仪器--kong jian tan ce yi qi--使用 | |
| 电子资源: | ||
| ISBN: | 7-301-04587-5 | |
| 000 | 00805nam0 2200229 45 | |
| 001 | 012007838750 | |
| 005 | 20070926165404.39 | |
| 010 | @a7-301-04587-5@dCNY22.00 | |
| 100 | @a20070724d2002 km y0chiy0120 ea | |
| 101 | 0 | @achi |
| 102 | @aCN@b110000 | |
| 105 | @aa a 000yy | |
| 200 | 1 | @a空间探测@Akong jian tan ce@f焦维新编著@Fjiao wei xin bian zhu |
| 210 | @a北京@c北京大学出版社@d2002.08 | |
| 215 | @a421页@c图@d20cm | |
| 320 | @a有书目。 | |
| 330 | @a本书系统反映了当前国际空间探测的最新成果和发展趋势;涉及的探测对象从微观粒子到宏观星体,内容从探测仪器到探测方法,可使读者对空间探测的现状和未来、方法和技术有全面的了解。 | |
| 606 | 0 | @a空间探测仪器@Akong jian tan ce yi qi@x使用 |
| 690 | @aP412.2@v4 | |
| 701 | 0 | @a焦维新@Ajiao wei xin@4编著 |
| 801 | 0 | @aCN@c20070926 |
| 905 | @dP412.2@eJ672 | |
| 空间探测/焦维新编著.-北京:北京大学出版社,2002.08 |
| 421页:图;20cm |
| ISBN 7-301-04587-5:CNY22.00 |
| 本书系统反映了当前国际空间探测的最新成果和发展趋势;涉及的探测对象从微观粒子到宏观星体,内容从探测仪器到探测方法,可使读者对空间探测的现状和未来、方法和技术有全面的了解。 |
| ● |
| 相关链接 |
|
|
|
正题名:空间探测
索取号:P412.2/J672
 
预约/预借
| 序号 | 登录号 | 条形码 | 馆藏地/架位号 | 状态 | 备注 |
| 1 | 247388 | 202473885 | 自科库401/401自科库 127排2列5层/ [索取号:P412.2/J672] | 在馆 |